[Event "25th Dubai Open A 2025"]
[Site "Dubai UAE"]
[Date "2025.06.02"]
[Round "7.9"]
[White "Md Imran"]
[Black "Ilamparthi, A R"]
[Result "0-1"]
[WhiteTitle "IM"]
[BlackTitle "IM"]
[WhiteElo "2472"]
[BlackElo "2469"]
[WhiteFideId "25748580"]
[BlackFideId "45015775"]
[EventDate "2025.05.27"]

1. d4 Nf6 2. c4 g6 3. Nc3 Bg7 4. e4 d6 5. h3 O-O 6. Be3 a5 7. Nf3 e5 8. d5 Na6
9. g4 Nd7 10. Nd2 Ndc5 11. a3 Bd7 12. b3 f5 13. gxf5 gxf5 14. h4 Kh8 15. Rb1 Qf6
16. b4 axb4 17. axb4 f4 18. Bxc5 dxc5 19. b5 Nb4 20. Bh3 Nd3+ 21. Ke2 Nxf2 22.
Ke1 0-1

[Event "25th Dubai Open A 2025"]
[Site "Dubai UAE"]
[Date "2025.06.02"]
[Round "7.10"]
[White "Nitish, Belurkar"]
[Black "Tin, Jingyao"]
[Result "0-1"]
[WhiteTitle "IM"]
[BlackTitle "GM"]
[WhiteElo "2454"]
[BlackElo "2601"]
[WhiteFideId "5084768"]
[BlackFideId "5804418"]
[EventDate "2025.05.27"]

1. e4 c5 2. Nf3 e6 3. b3 a6 4. Bb2 Nc6 5. d4 cxd4 6. Nxd4 Qc7 7. Nd2 Nxd4 8.
Bxd4 e5 9. Bb2 Nf6 10. Bd3 Bc5 11. O-O O-O 12. Kh1 d6 13. Qe2 b5 14. f4 Qe7 15.
a4 b4 16. Nc4 Ng4 17. f5 Qh4 18. h3 h5 19. Qe1 Nf2+ 20. Rxf2 Bxf2 21. Qxb4 d5
22. Nxe5 dxe4 23. Qxe4 Qxe4 24. Bxe4 Ra7 25. g4 Bg3 26. Nc6 Rd7 27. Kg2 h4 28.
Kf3 Re8 29. b4 Rd2 30. Rf1 Rh2 31. g5 Bc7 32. Bd3 Rxh3+ 33. Kg4 Rh2 34. Kh5 h3
35. f6 gxf6 36. Bxf6 Bd6 37. g6 fxg6+ 38. Bxg6 Bd7 39. Nd8 Rg2 40. Nf7 Bg4+ 41.
Kh4 Be2 42. Nh6+ Kf8 43. Rf5 Re4+ 44. Kxh3 Rh2# 0-1

[Event "25th Dubai Open A 2025"]
[Site "Dubai UAE"]
[Date "2025.06.02"]
[Round "7.11"]
[White "Celik, Hasan Huseyin"]
[Black "Pranav, Anand"]
[Result "1/2-1/2"]
[WhiteTitle "IM"]
[BlackTitle "GM"]
[WhiteElo "2440"]
[BlackElo "2555"]
[WhiteFideId "44506759"]
[BlackFideId "46626786"]
[EventDate "2025.05.27"]

1. c4 Nf6 2. Nc3 e5 3. e3 Nc6 4. a3 a5 5. Nf3 d6 6. d4 Bd7 7. d5 Nb8 8. e4 Na6
9. Bd3 g6 10. Rb1 Bg7 11. b4 O-O 12. O-O Nh5 13. c5 axb4 14. axb4 Nf4 15. Bxa6
bxa6 16. Bxf4 exf4 17. Qd3 Re8 18. Rfe1 g5 19. Nd4 Qf6 20. Nce2 h5 21. f3 Qe5
22. cxd6 cxd6 23. Rbc1 f5 24. Nxf5 Bxf5 25. exf5 Qf6 26. Kf1 Re3 27. Qb1 Rae8
28. Ng1 Qe5 29. Rxe3 fxe3 30. Qd3 g4 31. Re1 Bf6 32. g3 h4 33. Kg2 Qb2+ 34. Qe2
gxf3+ 35. Nxf3 Qxb4 36. Nxh4 Bxh4 37. gxh4 Qxh4 38. Rc1 Qe4+ 39. Qf3 Qxf3+ 40.
Kxf3 a5 41. Ke2 Re5 42. Ra1 Rxd5 43. Kxe3 Kf7 44. Ke4 Re5+ 45. Kd4 Rxf5 46. Kc4
Ke6 47. Ra2 Rc5+ 48. Kd4 Rh5 49. Kc4 Kd7 50. Kb3 Kc6 51. Ka4 Kb6 52. Rb2+ Ka6
53. Rd2 d5 54. Rd4 Kb6 55. h4 Kc5 56. Rg4 Rh8 57. Kb3 Rb8+ 58. Kc3 Rf8 59. Ra4
Rf3+ 60. Kd2 Kb5 61. Rd4 Rf5 62. Kc3 a4 63. Rb4+ Ka5 64. Rd4 Re5 65. Kb2 Kb5 66.
Ka3 Re3+ 67. Ka2 Re2+ 68. Ka3 Kc5 69. Rxa4 d4 70. Kb3 Kd5 71. Ra8 Ke4 72. Re8+
Kf3 73. Rd8 Ke3 74. h5 Rh2 75. Kc4 Rc2+ 76. Kb3 Rc6 77. h6 Rxh6 78. Kc2 Rh2+ 79.
Kd1 Kd3 80. Kc1 Rh1+ 81. Kb2 Rd1 82. Rh8 Re1 83. Rd8 Ke3 84. Kc2 Re2+ 85. Kd1
Rd2+ 86. Kc1 Ra2 87. Kd1 Kd3 88. Kc1 Ra1+ 89. Kb2 Re1 90. Rd7 Re4 91. Kc1 Rf4
92. Rd8 Rf2 93. Rd7 Rc2+ 94. Kd1 Rc4 95. Rh7 Kc3 96. Rh3+ d3 97. Rh8 Ra4 98.
Rc8+ Kd4 99. Rd8+ Ke3 100. Re8+ Re4 101. Rxe4+ Kxe4 102. Kd2 Kd4 103. Kd1 d2
104. Kxd2 Ke5 1/2-1/2

[Event "25th Dubai Open A 2025"]
[Site "Dubai UAE"]
[Date "2025.06.02"]
[Round "7.12"]
[White "Sokolovsky, Yahli"]
[Black "Dotzer, Lukas"]
[Result "1-0"]
[WhiteTitle "GM"]
[BlackTitle "IM"]
[WhiteElo "2539"]
[BlackElo "2455"]
[WhiteFideId "2820242"]
[BlackFideId "1666975"]
[EventDate "2025.05.27"]

1. e4 c5 2. Nf3 e6 3. d4 cxd4 4. Nxd4 Nc6 5. Nc3 Qc7 6. Be2 Nf6 7. Be3 a6 8. O-O
Be7 9. f4 d6 10. a4 O-O 11. Kh1 Nxd4 12. Qxd4 Bd7 13. a5 Rac8 14. Qd2 Bc6 15.
Bf3 Nd7 16. Ne2 d5 17. e5 Bb5 18. Rfc1 Bxe2 19. Qxe2 Nc5 20. Qe1 Qd7 21. Bd4 Rc7
22. b4 Na4 23. Qd2 Rb8 24. c3 f6 25. f5 b5 26. axb6 Nxb6 27. fxe6 Qd8 28. exf6
Bxf6 29. Rxa6 Bg5 30. Be3 Bxe3 31. Qxe3 d4 32. cxd4 Rxc1+ 33. Qxc1 Qxd4 34. Qe1
Rc8 35. e7 Kf7 36. Bc6 Nd7 37. Bb7 Qe5 38. Qf1+ Kxe7 39. Bxc8 1-0

[Event "25th Dubai Open A 2025"]
[Site "Dubai UAE"]
[Date "2025.06.02"]
[Round "7.13"]
[White "Kacharava, Nikolozi"]
[Black "Borgaonkar, Akshay"]
[Result "1/2-1/2"]
[WhiteTitle "GM"]
[BlackTitle "FM"]
[WhiteElo "2516"]
[BlackElo "2453"]
[WhiteFideId "13611860"]
[BlackFideId "25639110"]
[EventDate "2025.05.27"]

1. e4 c5 2. Nf3 e6 3. d4 cxd4 4. Nxd4 Nc6 5. Nc3 Nf6 6. Nxc6 bxc6 7. e5 Nd5 8.
Ne4 Qc7 9. f4 Qb6 10. c4 Ne3 11. Qd3 Bb4+ 12. Bd2 Ba6 13. Bxb4 Qxb4+ 14. Kf2
Qxb2+ 15. Be2 Nxc4 16. Rab1 Nxe5 17. fxe5 Qxe5 18. Qxa6 Qxe4 19. Rhd1 O-O 20.
Bf3 Qf5 21. Kg1 g6 22. Qc4 Rab8 23. Rxb8 Rxb8 24. Rxd7 Rb1+ 25. Bd1 Qf6 26. a4
a5 27. Qxc6 Rb4 28. Qc5 Rf4 29. g3 Rf1+ 30. Kg2 Rf5 31. Qd4 e5 32. Qd6 Rf2+ 33.
Kg1 Rf1+ 34. Kg2 Rf2+ 35. Kg1 1/2-1/2

[Event "25th Dubai Open A 2025"]
[Site "Dubai UAE"]
[Date "2025.06.02"]
[Round "7.14"]
[White "Parkhov, Yair"]
[Black "Bronstein, Or"]
[Result "1/2-1/2"]
[WhiteTitle "GM"]
[BlackTitle "IM"]
[WhiteElo "2514"]
[BlackElo "2443"]
[WhiteFideId "2813408"]
[BlackFideId "2815770"]
[EventDate "2025.05.27"]

1. d4 Nf6 2. c4 e6 3. g3 d5 4. Bg2 dxc4 5. Nf3 Bb4+ 6. Nc3 O-O 7. O-O Nc6 8. a3
Be7 9. e4 a6 10. Be3 b5 11. Qc2 Ng4 12. Bf4 Nxd4 13. Nxd4 Qxd4 14. e5 Qa7 15. h3
Nh6 16. Bxh6 gxh6 17. Rad1 Bb7 18. Bxb7 Qxb7 19. Rd7 Bg5 20. Ne4 Rad8 21. Nxg5
hxg5 22. Qd2 Rxd7 23. Qxg5+ Kh8 24. Qf6+ Kg8 1/2-1/2

[Event "25th Dubai Open A 2025"]
[Site "Dubai UAE"]
[Date "2025.06.02"]
[Round "7.15"]
[White "Boruchovsky, Avital"]
[Black "Jubin, Jimmy"]
[Result "1/2-1/2"]
[WhiteTitle "GM"]
[BlackTitle "IM"]
[WhiteElo "2513"]
[BlackElo "2449"]
[WhiteFideId "2800055"]
[BlackFideId "46686614"]
[EventDate "2025.05.27"]

1. e4 c6 2. d4 d5 3. e5 Bf5 4. h4 h5 5. Bd3 Bxd3 6. Qxd3 Qa5+ 7. c3 Qa6 8. Qd1
c5 9. Ne2 e6 10. Bg5 Nc6 11. Nd2 cxd4 12. cxd4 Bb4 13. a3 Bxd2+ 14. Qxd2 Nge7
15. Rc1 Nf5 16. Rh3 Kd7 17. Rhc3 Rac8 18. b4 Qa4 19. f3 a5 20. Kf2 axb4 21. axb4
Qxb4 22. R1c2 Qb6 23. Rb2 Qa7 24. Rcb3 Rc7 25. Ra2 Qb8 26. Qf4 Rf8 27. g4 hxg4
28. fxg4 f6 29. exf6 gxf6 30. Bh6 Nxh6 31. Qxh6 Rh8 32. Qf4 Rxh4 33. Qxf6 Rxg4
34. Rh3 Qg8 35. Nf4 Nd8 36. Re2 Kc8 37. Ra3 Rxf4+ 38. Qxf4 Rf7 39. Rc2+ Nc6 40.
Ra8+ Kd7 41. Rxg8 Rxf4+ 42. Kg3 Rxd4 43. Rg7+ Ne7 44. Rb2 Kd6 45. Kf2 Rf4+ 46.
Ke2 Nf5 47. Rgxb7 Ke5 48. Ke1 Ng3 49. Rg2 Rf1+ 50. Kd2 Ne4+ 51. Kc2 Rf3 52. Rb3
Rf7 53. Rg6 Rf2+ 54. Kc1 Nc5 55. Rh3 Kd4 56. Rg4+ Ne4 57. Ra3 e5 58. Kd1 Rb2 59.
Ke1 Rc2 60. Rh4 Rc4 61. Ra5 Rb4 62. Ke2 Rb2+ 63. Ke1 Rc2 64. Kd1 Rg2 65. Ra4+
Ke3 66. Ra3+ Kf2 67. Ra2+ Kg3 68. Rxe4 Rxa2 69. Rxe5 Ra5 70. Rf5 Kg4 71. Rf8 1/2-1/2

[Event "25th Dubai Open A 2025"]
[Site "Dubai UAE"]
[Date "2025.06.02"]
[Round "7.16"]
[White "Davtyan, Artur"]
[Black "Sahib, Singh"]
[Result "1-0"]
[WhiteTitle "IM"]
[BlackTitle "FM"]
[WhiteElo "2485"]
[BlackElo "2416"]
[WhiteFideId "13308327"]
[BlackFideId "25618342"]
[EventDate "2025.05.27"]

1. e4 e5 2. Nf3 Nc6 3. Bb5 Nf6 4. d3 Bc5 5. Nbd2 O-O 6. O-O Nd4 7. Nxd4 Bxd4 8.
Nf3 Bb6 9. Bg5 h6 10. Bh4 d6 11. c3 Qe7 12. Ba4 g5 13. Bg3 Bg4 14. h3 Bh5 15.
Qe2 Kh8 16. Bd1 Rg8 17. Qd2 Kh7 18. Kh1 Bg6 19. Nh2 Rad8 20. Bf3 c6 21. Rfe1 Qe6
22. b4 Kg7 23. a4 a6 24. a5 Ba7 25. Rad1 Bh5 26. Bxh5 Nxh5 27. Ng4 Nf4 28. d4 h5
29. Ne3 Kh7 30. Nf5 d5 31. Qc2 Kh8 32. dxe5 Qxe5 33. exd5 Qf6 34. d6 h4 35. Bxf4
gxf4 36. d7 c5 37. Rd6 1-0

[Event "25th Dubai Open A 2025"]
[Site "Dubai UAE"]
[Date "2025.06.02"]
[Round "7.17"]
[White "Prraneeth, Vuppala"]
[Black "Pham Tran Gia Phuc"]
[Result "0-1"]
[WhiteTitle "GM"]
[BlackTitle "IM"]
[WhiteElo "2474"]
[BlackElo "2424"]
[WhiteFideId "46622373"]
[BlackFideId "12415669"]
[EventDate "2025.05.27"]

1. e4 e5 2. Nf3 Nc6 3. Bb5 a6 4. Ba4 Nf6 5. O-O Nxe4 6. d4 Be7 7. Re1 b5 8. Rxe4
d5 9. Nxe5 Nxe5 10. Rxe5 bxa4 11. Qe2 Be6 12. f4 Kf8 13. f5 Bd7 14. Qf3 Bf6 15.
Nc3 Bc6 16. Be3 Qd7 17. Rd1 Rd8 18. Bf2 Kg8 19. Ree1 h5 20. Ne2 h4 21. h3 Qc8
22. Be3 Bd7 23. Rf1 Re8 24. Nc3 c6 25. Rd3 a3 26. bxa3 Qb8 27. Na4 Qg3 28. Nb6
Rxe3 29. Qxg3 hxg3 30. Nxd7 Bg5 31. Rfd1 Rh4 32. Ne5 Rhe4 33. Nf3 Re2 34. Rc3
Be3+ 35. Kh1 Bxd4 36. Rxc6 Bf6 37. h4 Rf2 38. Rc8+ Kh7 39. Ng5+ Bxg5 40. hxg5
Rxf5 41. Rc3 Rxg5 42. Kg1 f5 43. Rcd3 f4 44. Rd4 Rge5 45. Kf1 Rh5 46. Kg1 Rh2
47. R4d2 Re5 48. c3 Kg8 49. a4 a5 50. Rd4 Re4 51. c4 Re2 52. Rxf4 Rexg2+ 53. Kf1
Rxa2 54. Kg1 Rag2+ 55. Kf1 Rc2 56. Kg1 dxc4 57. Rg4 Rc3 58. Rg5 Rd3 59. Rc1 c3
60. Rc5 c2 61. R5xc2 Rxc2 62. Rxc2 Rd4 63. Ra2 Rg4 64. Kg2 Kf7 65. Ra1 Kg6 66.
Ra2 Kf5 67. Ra1 Kg5 68. Rc1 Rxa4 69. Kxg3 Rg4+ 70. Kh3 Rf4 71. Kg3 Rf5 72. Rc4
g6 73. Rc6 Rb5 74. Rc4 Kf5 75. Rf4+ Ke6 76. Rg4 g5 77. Rd4 Rd5 78. Ra4 Kd6 79.
Kg4 Kc6 80. Ra1 Re5 0-1

[Event "25th Dubai Open A 2025"]
[Site "Dubai UAE"]
[Date "2025.06.02"]
[Round "7.18"]
[White "Srihari, L R"]
[Black "Liyanage, Ranindu Dilshan"]
[Result "1/2-1/2"]
[WhiteTitle "IM"]
[BlackTitle "IM"]
[WhiteElo "2468"]
[BlackElo "2387"]
[WhiteFideId "46617116"]
[BlackFideId "9915834"]
[EventDate "2025.05.27"]

1. Nf3 d5 2. g3 Nf6 3. Bg2 e6 4. O-O Be7 5. d3 O-O 6. Bf4 Nc6 7. d4 h6 8. Qc1
Bd7 9. c4 dxc4 10. Qxc4 Rc8 11. Nc3 Na5 12. Qd3 c5 13. dxc5 Bxc5 14. Ne5 Bc6 15.
Qxd8 Rfxd8 16. Nxc6 Nxc6 17. Rad1 Re8 18. Nb5 e5 19. Be3 Bxe3 20. fxe3 Re7 21.
Nd6 Rd8 22. Bh3 Kf8 23. a3 a5 24. Kg2 e4 25. Nc4 Ree8 26. a4 Nd5 27. Kg1 Nf6 28.
Nd6 Re7 29. Bf5 Re5 30. Bc8 b6 31. Ba6 Nb4 32. Bc4 Nbd5 33. Nb5 Rd7 34. Nc3 Ke7
35. Nxd5+ Nxd5 36. Rd4 f5 37. Bb5 Rc7 38. Kf2 Nf6 39. h3 Rd5 40. Rfd1 Rcc5 1/2-1/2

[Event "25th Dubai Open A 2025"]
[Site "Dubai UAE"]
[Date "2025.06.02"]
[Round "7.19"]
[White "Gupta, Abhijeet"]
[Black "Dau Khuong Duy"]
[Result "0-1"]
[WhiteTitle "GM"]
[BlackTitle "IM"]
[WhiteElo "2577"]
[BlackElo "2423"]
[WhiteFideId "5010608"]
[BlackFideId "12424722"]
[EventDate "2025.05.27"]

1. d4 Nf6 2. c4 g6 3. Nc3 Bg7 4. e4 d6 5. f3 O-O 6. Nge2 c5 7. d5 e6 8. Ng3 exd5
9. cxd5 h5 10. Bg5 Qb6 11. Qd2 Nh7 12. Bh4 Nd7 13. Be2 c4 14. Nf1 Ne5 15. Bf2
Qa5 16. Ne3 b5 17. a4 b4 18. Nb5 a6 19. Nxd6 c3 20. Qd1 cxb2 21. Rb1 b3+ 22. Kf1
Bd7 23. Nec4 Nxc4 24. Nxc4 Qb4 25. Nxb2 Rfb8 26. Nd3 Qa3 27. Nc5 Bxa4 28. g3 Qa2
29. Nxa4 Qxa4 30. Kg2 Qb4 31. Be1 Qb6 32. Bc4 b2 33. d6 Rd8 34. Qd5 Qxd6 35.
Qxf7+ Kh8 36. Bf2 Ng5 37. Qf4 Qe7 38. h4 Ne6 39. Qe3 Rac8 40. Bd5 Rc2 41. Rhd1
Nc7 42. Bb3 Rc3 43. Rxd8+ Qxd8 44. Qb6 Qf8 45. f4 Qe8 46. Kh2 Rc1 47. Rxb2 Qxe4
48. Bg1 Bxb2 49. Qd6 Bg7 50. Qd2 Qe1 0-1

[Event "25th Dubai Open A 2025"]
[Site "Dubai UAE"]
[Date "2025.06.02"]
[Round "7.20"]
[White "Talibov, Shiroghlan"]
[Black "Iniyan, Pa"]
[Result "1-0"]
[WhiteTitle "IM"]
[BlackTitle "GM"]
[WhiteElo "2423"]
[BlackElo "2573"]
[WhiteFideId "13429078"]
[BlackFideId "25002767"]
[EventDate "2025.05.27"]

1. e4 c5 2. Nf3 d6 3. d4 cxd4 4. Nxd4 Nf6 5. Nc3 a6 6. Be2 e6 7. Be3 Qc7 8. Qd2
b5 9. a3 Bb7 10. f3 Be7 11. g4 Nc6 12. O-O-O O-O 13. h4 Nxd4 14. Qxd4 e5 15. Qb6
Rfc8 16. Rd2 Qb8 17. Bg5 Nd7 18. Qa5 Bxg5 19. hxg5 Nc5 20. Bd1 Ne6 21. Rh5 g6
22. Rh6 Nxg5 23. Qb6 Kg7 24. Rh1 Rd8 25. Qe3 f6 26. Rd3 Qc7 27. Be2 Rac8 28. Kb1
Ne6 29. Qh6+ Kg8 30. Rhd1 Nf4 31. R3d2 Qe7 32. Qh4 Bc6 33. Bf1 Bb7 34. Qf2 Kg7
35. Qa7 Qc7 36. Qe3 Bc6 37. Ne2 Ne6 38. Bh3 Ng5 39. Bg2 a5 40. f4 exf4 41. Qxf4
Qe7 42. Rxd6 Bxe4 43. Rxd8 Bxc2+ 44. Kc1 Rxd8 45. Rxd8 Bb3 46. Qd6 Qe3+ 47. Kb1
Ne6 48. Rd7+ Kh6 49. Qd2 1-0

[Event "25th Dubai Open A 2025"]
[Site "Dubai UAE"]
[Date "2025.06.02"]
[Round "7.21"]
[White "Royal, Shreyas"]
[Black "Ashraf, Artin"]
[Result "1/2-1/2"]
[WhiteTitle "GM"]
[BlackTitle "FM"]
[WhiteElo "2493"]
[BlackElo "2407"]
[WhiteFideId "448869"]
[BlackFideId "22514805"]
[EventDate "2025.05.27"]

1. Nf3 Nf6 2. c4 g6 3. Nc3 Bg7 4. e4 O-O 5. d4 d6 6. Be2 e5 7. d5 a5 8. Bg5 h6
9. Bh4 Na6 10. Nd2 Bd7 11. Qc2 Qe8 12. f3 Nh5 13. Bf2 f5 14. a3 c6 15. c5 Nf4
16. Bc4 Kh8 17. O-O Nxc5 18. b4 Na6 19. bxa5 Nc7 20. Rab1 cxd5 21. exd5 Qc8 22.
Qb3 Rxa5 23. Rfc1 b5 24. Bf1 Qa8 25. a4 b4 26. Qxb4 Ncxd5 27. Nxd5 Qxd5 28. Bc4
Qa8 29. Qxd6 Bc6 30. Bf1 Bxa4 31. Rc7 Qd8 32. Qxd8 Rxd8 33. Bb6 Rad5 34. Ra7 Rb8
35. Rxa4 Rxd2 36. Raa1 e4 37. Be3 Rxb1 38. Rxb1 Bd4 39. Bxd4+ Rxd4 40. fxe4 Rxe4
41. Rb7 Nd5 42. g3 Re7 43. Rxe7 Nxe7 44. Kf2 Kg7 45. Kf3 Nc6 46. h4 Kf6 47. Kf4
Nd4 48. Bc4 Ne6+ 49. Ke3 Ke5 50. Ba2 Nd8 51. Bc4 Kf6 52. Kf4 Nb7 53. Bb3 Nc5 54.
Bc4 g5+ 55. hxg5+ hxg5+ 56. Kf3 Ke5 57. Ba2 Ne4 58. Bf7 Nd2+ 59. Ke2 Ne4 60. Kf3
g4+ 61. Kg2 Nd6 62. Bb3 Ke4 63. Kf2 Kd3 64. Be6 Kd2 65. Bd7 Kd3 66. Be6 Ke4 67.
Bb3 Ke5 68. Ba4 Ne4+ 69. Kg2 Nc3 70. Bc2 Nb5 71. Ba4 Nd4 72. Bd7 Ke4 73. Kf2 Nb3
74. Bc6+ Ke5 75. Bd7 Ke4 76. Bc6+ Kd4 77. Bd7 Ke5 78. Bc8 Nc5 79. Kg2 Ke4 80.
Kf2 Nd3+ 81. Ke2 Nb4 82. Bb7+ Ke5 83. Kf2 Nd3+ 84. Kg2 Kd4 85. Bc8 Ke4 86. Bb7+
Ke5 87. Ba6 Nb4 88. Bb7 Nd5 89. Kf2 Ne7 90. Ke3 Ng6 91. Bc6 Nf8 92. Bb7 Nd7 93.
Bc6 Nc5 94. Kf2 Kd6 95. Be8 Ne6 96. Ba4 Ke5 97. Bd7 Nc5 98. Bc8 Kf6 99. Kg2 Kg5
100. Kf2 Kg6 101. Kg2 Kf6 102. Kf2 Ke5 103. Kg2 Ne4 104. Bd7 Nd6 105. Kf2 Kd4 1/2-1/2

[Event "25th Dubai Open A 2025"]
[Site "Dubai UAE"]
[Date "2025.06.02"]
[Round "7.22"]
[White "Stribuk, Artiom"]
[Black "Harikrishnan, A. Ra"]
[Result "1-0"]
[WhiteTitle "IM"]
[BlackTitle "IM"]
[WhiteElo "2433"]
[BlackElo "2467"]
[WhiteFideId "13515659"]
[BlackFideId "5081483"]
[EventDate "2025.05.27"]

1. Nf3 d5 2. c4 c6 3. g3 Nf6 4. Bg2 Bg4 5. Ne5 Bf5 6. cxd5 cxd5 7. Nc3 Nc6 8.
Nxc6 bxc6 9. d3 e5 10. O-O Be6 11. e4 d4 12. Na4 Be7 13. Bd2 c5 14. b3 O-O 15.
Rc1 Nd7 16. f4 f6 17. f5 Bf7 18. Bf3 Qe8 19. h4 Kh8 20. Kh2 Rg8 21. Rg1 Rc8 22.
Qe2 Nb6 23. Nb2 Ra8 24. g4 g6 25. g5 Qf8 26. Rcf1 a5 27. fxg6 hxg6 28. Bg4 fxg5
29. Qf2 Rg7 30. hxg5 Rh7+ 31. Kg2 a4 32. Qg3 Qg7 33. Rxf7 Qxf7 34. Qxe5+ Qg7 35.
Bf4 Rf8 36. Qxg7+ Kxg7 37. Bc7 axb3 38. axb3 Na8 39. Be5+ Kf7 40. Ra1 Bxg5 41.
Ra7+ Be7 42. Nc4 Rd8 43. Nd6+ Kf8 44. Nc8 Rh4 45. Be6 Rh7 46. Rxa8 Bg5 47. Ra1
Ke8 48. Bg3 Bh4 49. Rh1 g5 50. Be5 Rh6 51. Bg4 Rc6 52. Na7 Ra6 53. Nb5 Ra2+ 54.
Kh3 Rd2 55. Rd1 Rxd1 56. Bxd1 Kd7 57. Bg4+ Kc6 58. Nc7 Rb8 59. Be6 Rf8 60. Bd5+
Kb6 61. Kg4 Rf1 62. Ne6 Rg1+ 63. Kh5 Bg3 64. Bxg3 Rxg3 65. Bc4 g4 66. Kh4 Rg1
67. Nf4 Kc6 68. Ne2 Rg2 69. Ng3 Kd6 70. Kxg4 Ke5 71. Kf3 Rg1 72. Nf5 Rf1+ 73.
Kg2 Rb1 74. Ne7 Kf4 75. Ng6+ Kg4 76. Kf2 Rb2+ 77. Ke1 Kf3 78. Kd1 Ke3 79. Ne7
Kf4 80. Nc6 Rh2 81. Kc1 Rh6 82. Nd8 Rh1+ 83. Kb2 Ke5 84. Nb7 1-0

[Event "25th Dubai Open A 2025"]
[Site "Dubai UAE"]
[Date "2025.06.02"]
[Round "7.23"]
[White "Shyam, Sundar M."]
[Black "Kushagra, Mohan"]
[Result "1/2-1/2"]
[WhiteTitle "GM"]
[BlackTitle "IM"]
[WhiteElo "2462"]
[BlackElo "2400"]
[WhiteFideId "5019141"]
[BlackFideId "25033638"]
[EventDate "2025.05.27"]

1. e4 e5 2. Nf3 Nc6 3. Bc4 Nf6 4. d3 Bc5 5. Nc3 h6 6. Be3 Bxe3 7. fxe3 d6 8. O-O
O-O 9. Qe2 Na5 10. Bb3 c6 11. h3 Nxb3 12. axb3 Nh7 13. d4 Ng5 14. Rad1 Nxf3+ 15.
Rxf3 Qe7 16. Qd2 f6 17. Rff1 Rd8 18. d5 c5 19. Ne2 h5 20. Qe1 g6 21. Qh4 Kg7 22.
Rf3 Bd7 23. Rdf1 Rf8 24. Ng3 Rf7 25. Nxh5+ gxh5 26. Qxh5 Kg8 27. Rg3+ Rg7 28.
Rff3 Rf8 29. Kh2 Rf7 30. Rxg7+ Rxg7 31. Qh6 Rf7 32. Rg3+ Rg7 33. Rf3 Rf7 34.
Rg3+ Rg7 1/2-1/2

[Event "25th Dubai Open A 2025"]
[Site "Dubai UAE"]
[Date "2025.06.02"]
[Round "7.24"]
[White "Tudor, Henry Edward"]
[Black "Mayank, Chakraborty"]
[Result "1/2-1/2"]
[WhiteTitle "FM"]
[BlackTitle "IM"]
[WhiteElo "2376"]
[BlackElo "2436"]
[WhiteFideId "2409836"]
[BlackFideId "25659766"]
[EventDate "2025.05.27"]

1. d4 Nf6 2. c4 e6 3. Nc3 Bb4 4. e3 O-O 5. Bd3 d5 6. Nf3 dxc4 7. Bxc4 c5 8. O-O
b6 9. a3 Bxc3 10. bxc3 Qc7 11. Bd3 Bb7 12. c4 Nbd7 13. Bb2 Rfd8 14. Re1 Rac8 15.
h3 Nf8 16. Ne5 Be4 17. Bf1 Ng6 18. Nxg6 Bxg6 19. Rc1 Ne4 20. d5 exd5 21. cxd5
Qb7 22. f3 Rxd5 23. Ba6 Qc6 24. Qb3 Rcd8 25. fxe4 Bxe4 26. Re2 Qg6 27. Bb7 c4
28. Qa4 b5 29. Qa6 R5d6 30. Qxb5 Bd3 31. Rf2 c3 32. Qe5 cxb2 33. Rxb2 1/2-1/2

[Event "25th Dubai Open A 2025"]
[Site "Dubai UAE"]
[Date "2025.06.02"]
[Round "7.25"]
[White "Piliposyan, Robert"]
[Black "Muthaiah, AL"]
[Result "1/2-1/2"]
[WhiteTitle "IM"]
[BlackTitle "IM"]
[WhiteElo "2416"]
[BlackElo "2487"]
[WhiteFideId "13309978"]
[BlackFideId "5092442"]
[EventDate "2025.05.27"]

1. e4 c5 2. Nf3 Nc6 3. Bb5 d6 4. O-O Bd7 5. Re1 a6 6. Bxc6 Bxc6 7. d4 cxd4 8.
Nxd4 Rc8 9. Nxc6 Rxc6 10. b3 Nf6 11. Bb2 e6 12. c4 Be7 13. Nd2 O-O 14. Nf3 e5
15. Qd3 Qc7 16. Nd2 Rb8 17. a4 Nd7 18. Ba3 b5 19. axb5 axb5 20. cxb5 Rc3 21. Qe2
Qb7 22. Rec1 Rxc1+ 23. Rxc1 Nc5 24. Bxc5 dxc5 25. Nc4 Qxb5 26. Rc3 Qa6 27. Qd1
Rd8 28. Rd3 Rxd3 29. Qxd3 Qa1+ 30. Qf1 Qd4 31. Qe2 Qa1+ 32. Qf1 Qd4 33. Qb1 h5
34. g3 h4 35. Kg2 g6 36. Qc2 Kg7 37. Qe2 hxg3 38. hxg3 Bg5 39. Qf3 Bd8 40. Qe3
Qxe3 41. Nxe3 Ba5 42. Kf3 Bc3 43. Ke2 Bd4 44. Nd5 f5 45. f3 Kh6 46. exf5 gxf5
47. f4 exf4 48. gxf4 Kh5 49. Kf3 Kg6 50. Ke2 Kh5 51. Kf3 Kg6 52. Ke2 1/2-1/2

[Event "25th Dubai Open A 2025"]
[Site "Dubai UAE"]
[Date "2025.06.02"]
[Round "7.26"]
[White "Hayrapetyan, Hovik"]
[Black "Ayush, Sharma"]
[Result "0-1"]
[WhiteTitle "GM"]
[BlackTitle "IM"]
[WhiteElo "2423"]
[BlackElo "2478"]
[WhiteFideId "13302639"]
[BlackFideId "45010943"]
[EventDate "2025.05.27"]

1. d4 Nf6 2. c4 e6 3. Nf3 b6 4. g3 Ba6 5. b3 Bb4+ 6. Bd2 Be7 7. Nc3 d5 8. cxd5
exd5 9. Bg2 O-O 10. O-O Re8 11. Rc1 Nbd7 12. Ne5 Bb7 13. Rc2 Nf8 14. Bc1 Ne6 15.
Bb2 a6 16. e3 Bd6 17. Ne2 a5 18. Nf4 Ne4 19. f3 Nf6 20. Qc1 a4 21. Rd1 a3 22.
Ba1 Nxf4 23. exf4 Nd7 24. Qd2 c5 25. Bh3 Nf8 26. f5 Bxe5 27. dxe5 d4 28. f4 Be4
29. Rc4 Qd7 30. Bxd4 Bf3 31. Rf1 Bd5 32. Rc3 cxd4 33. Rd3 b5 34. Rxd4 Qa7 35.
Qf2 Bb7 36. Rfd1 Rac8 37. f6 Rc3 38. fxg7 Ne6 39. Bxe6 fxe6 40. Rd7 Qxf2+ 41.
Kxf2 Be4 42. Ra7 b4 43. Rd4 Bf5 44. g4 Bxg4 45. Rxb4 Rd8 46. Rc4 Rd2+ 47. Ke1
Rd1+ 48. Kf2 Rd2+ 49. Ke1 Re2+ 50. Kf1 Rxc4 0-1

[Event "25th Dubai Open A 2025"]
[Site "Dubai UAE"]
[Date "2025.06.02"]
[Round "7.27"]
[White "Siddharth, Jagadeesh"]
[Black "Vivaan Vishal Shah"]
[Result "1-0"]
[WhiteTitle "GM"]
[BlackTitle "FM"]
[WhiteElo "2472"]
[BlackElo "2410"]
[WhiteFideId "5818320"]
[BlackFideId "25184237"]
[EventDate "2025.05.27"]

1. e4 c5 2. Nf3 Nc6 3. Bc4 e5 4. c3 d6 5. O-O Be7 6. a3 Nf6 7. d3 a6 8. b4 h6 9.
Nbd2 O-O 10. Re1 Re8 11. Qb3 Rf8 12. Nf1 Bg4 13. Ne3 Bxf3 14. gxf3 Nh5 15. bxc5
Na5 16. Qb6 dxc5 17. Qxd8 Rfxd8 18. Nd5 Bg5 19. Bxg5 hxg5 20. a4 Rd6 21. Rab1
Rad8 22. Re2 Nf4 23. Nxf4 gxf4 24. Bd5 Rxd5 25. exd5 Rxd5 26. Rd2 c4 27. Kf1
cxd3 28. Rbd1 b5 29. Rxd3 Rc5 30. axb5 axb5 31. Rd5 Rxc3 32. Rxe5 Rxf3 33. Rxb5
Nc6 34. Rc5 Nb4 35. Rc4 Rd3 36. Rxd3 Nxd3 37. Rd4 Ne5 38. Rxf4 f6 39. Ra4 Kh7
40. Kg2 g5 41. h4 gxh4 42. Rxh4+ Kg6 43. Ra4 Kf5 44. Kg3 Ng6 45. Ra5+ Ke6 46.
Kf3 Ne5+ 47. Ke4 f5+ 48. Kf4 Nd3+ 49. Ke3 Ne5 50. Ra6+ Kf7 51. Kf4 Nd3+ 52. Kxf5
Nxf2 53. Rd6 Nh3 54. Rd3 Ng1 55. Re3 Kf8 56. Kg4 Kf7 57. Re1 1-0